000 00925nam a22003137a 4500
001 BR7101094
003 BR-BrBNA
005 20230928083729.0
007 ta
008 230509b bl.||||| |||| 00| 0 por d
040 _aBR-BrBNA
_bpor
_cBiblioteca Nacional de Agricultura
041 _a(Por)
072 _aF00
_b0120
_b/G514
090 _ 0120 BR7101094
100 1 _aBiasi, J.
110 1 _aInstituto de Pesquisa Agropecuaria do Sul, Cacador, SC (Brasil). Estacao Experimental de Rio Cacador
_96095
245 1 _aEstudo dos milhos comuns do estado de Santa Catarina [Zea mays, Brasil]
260 3 _aCacador, SC (Brasil):
_c1971.
300 _a14 p.
500 _a7 tables; Summaries (Eng, Por)
650 _aMILHO
650 _aVARIEDADE
650 _aPLANTIO
650 _aADUBACAO
650 _aDENSIDADE DE PLANTIO
650 _aSANTA CATARINA
909 _a202309
_bLucia
_c55
_dLucia Elande
942 _cBK
999 _c14972
_d14972